Деловое письмо: методика составления и правила оформления: учебно-практическое пособие

ग्रंथसूची विवरण
मुख्य लेखक: Анодина Н. Н. Наталья Николаевна
सारांश:В настоящем учебно-практическом пособии приведены термины и определения по делопроизводству, рассмотрены все реквизиты письма и правила оформления бланков писем. Даны рекомендации по составлению текста письма, правила написания отдельных слов и словосочетаний, часто встречающихся в официальных документах. Рассмотрены виды деловых писем, а также организация работы с письмами: регистрация, систематизация, хранение и отправка. Пособие включает примеры оформления различных видов писем и документов службы делопроизводства. Пособие предназначено для специалистов, занимающихся делопроизводством, сотрудников кадровой службы, бухгалтерии, секретарей-референтов, офис-менеджеров, а также для студентов, обучающихся по соответствующим специальностям.
भाषा:रूसी
प्रकाशित: Москва, Омега-Л, 2006
श्रृंखला:Делопроизводство
विषय:
स्वरूप: पुस्तक
KOHA link:https://koha.lib.tpu.ru/cgi-bin/koha/opac-detail.pl?biblionumber=91155

MARC

LEADER 00000nam0a2200000 4500
001 91155
005 20231031103917.0
010 |a 5981199350 
035 |a (RuTPU)RU\TPU\book\97733 
090 |a 91155 
100 |a 20060221d2006 m y0rusy50 ca 
101 0 |a rus 
102 |a RU 
105 |a y j 001zy 
200 1 |a Деловое письмо: методика составления и правила оформления  |e учебно-практическое пособие  |f Н. Н. Анодина 
210 |a Москва  |c Омега-Л  |d 2006 
215 |a 112 с. 
225 1 |a Делопроизводство 
320 |a Библиогр.: с. 94. 
330 |a В настоящем учебно-практическом пособии приведены термины и определения по делопроизводству, рассмотрены все реквизиты письма и правила оформления бланков писем. Даны рекомендации по составлению текста письма, правила написания отдельных слов и словосочетаний, часто встречающихся в официальных документах. Рассмотрены виды деловых писем, а также организация работы с письмами: регистрация, систематизация, хранение и отправка. Пособие включает примеры оформления различных видов писем и документов службы делопроизводства. Пособие предназначено для специалистов, занимающихся делопроизводством, сотрудников кадровой службы, бухгалтерии, секретарей-референтов, офис-менеджеров, а также для студентов, обучающихся по соответствующим специальностям. 
451 1 |0 (RuTPU)RU\TPU\book\161910  |y 978-5-370-00867-2  |t Деловое письмо: методика составления и правила оформления  |o учебно-практическое пособие  |f Н. Н. Анодина  |e 4-е изд., испр. и доп.  |c М.  |n Омега-Л  |d 2009  |p 94 с.  |s Делопроизводство  |a Анодина, Наталья Николаевна 
610 1 |a делопроизводство 
610 1 |a делопроизводственные документы 
610 1 |a деловые письма 
610 1 |a бланки 
610 1 |a реквизиты 
610 1 |a составление 
610 1 |a оформление 
610 1 |a методика 
610 1 |a международная переписка 
610 1 |a деловая корреспонденция 
610 1 |a практические пособия 
610 1 |a учебные пособия 
675 |a 651.4/9(07)  |v 3 
700 1 |a Анодина  |b Н. Н.  |g Наталья Николаевна 
801 1 |a RU  |b 63413507  |c 20060221  |g PSBO 
801 2 |a RU  |b 63413507  |c 20170925  |g PSBO 
942 |c BK 
959 |a 17/20060217  |d 2  |e 34  |f АНЛ:1  |f ЧЗГЛ:1 
959 |a 60/20060705  |d 1  |e 34,00  |f АНЛ:1